000 00703nam a22002177a 4500
999 _c13678
_d13678
003 AR-CdUCM
008 190416b ||||| |||| 00| 0 spa d
040 _aMUNICIPALIDAD PROVINCIAL DEL CUSCO
_cBIBLIOTECA MUNICIPAL DEL CUSCO
082 _a869.5591 /
_bR33 / 1946
100 _aRecavarren de Zizold, Catalina
_928342
245 _aLa mujer mesiánica :
_bFlora Tristán /
260 _aLima :
_bEdiciones Hora del Hombre,
_c1946.
300 _a32 páginas ;
_bretrato,
_c21 cm.
505 _aContenido: Ensayos.
650 _aAutoras peruanas
_932180
650 _aBiografía
_922
650 _aLiteratura Peruana
_9132
650 _aSiglo XX
_98
942 _2ddc
_cLIBROS
945 _aachl
_d2019-04-16